| 000 | 00732 a2200205 4500 | ||
|---|---|---|---|
| 003 | OSt | ||
| 005 | 20230412132618.0 | ||
| 008 | 220811b2018 spa |||f |||| 001 0 spa d | ||
| 020 | _a9788484767558 | ||
| 040 | _cCHAP | ||
| 082 | 0 | 0 |
_a632.90294 _bY12 2019 _222 |
| 100 | 0 |
_9122943 _aYagüe González, Juan I. |
|
| 245 | 0 |
_aGuía práctica de productos fitosanitarios 2019 / _cpor Juan I. Yagüe González |
|
| 246 | 3 | 0 |
_iTítulo en pasta : _aGuíafitos 2019 : _bguía práctica de productos fitosanitarios. |
| 264 |
_aEspaña: _bMundi-Prensa, _c2018 |
||
| 300 |
_a359 páginas _bilustraciones, cuadros, tablas |
||
| 650 | 2 |
_9163848 _aProductos fitosanitarios _vManual |
|
| 650 | 2 |
_940646 _aFertilizantes y abonos |
|
| 942 |
_2ddc _cLIBRO |
||
| 999 |
_c217497 _d217497 |
||